Análisis del presupuesto (Registro nro. 18021)

Detalles MARC
000 -LEADER
fixed length control field 00313 a2200109 4500
001 - CONTROL NUMBER
control field ART_12771
005 - DATE AND TIME OF LATEST TRANSACTION
control field 20260410161733.0
008 - FIXED-LENGTH DATA ELEMENTS--GENERAL INFORMATION
fixed length control field 260409a
100 1# - MAIN ENTRY--PERSONAL NAME
Personal name Rossi, Rodolfo C.
245 10 - TITLE STATEMENT
Title Análisis del presupuesto
773 0# - HOST ITEM ENTRY
Title Ejecutivos de finanzas
Related parts - Año 6, Nº 46 (jun. 1988)
Record control number REV2863

No hay ítems disponibles.